00826nam a2200253 i 450000100060000000300090000600500170001500700030003200800410003502000180007608000070009410000290010124500790013025000330020926000350024230000300027749000230030765000240033070000260035483000310038085200220041199900170043395201220045032012ES-MaACL20230906154507.0t|021202s2002 sp a |||| | spa d a84-95908-12-3 a291 aCampbell, Joseph.93414514aLos mitos en el tiempo / cJoseph Campbell ; traducción de César Aira. a1ª ed. en esta colección. aBarcelona : bEmecé, c2002. a272 p. : bil. ; c22 cm.1 aEmecé cornucopia 4aMitología.9150921 aAira, César.9189870 aEmecé cornucopia9182449 aES-MaACLjL-26119 c32012d32012 00104070aATENEOMbATENEOMcDEPO2d2008-01-17eSCl0oL-26119p1033123r2023-02-23 00:00:00w2023-02-23yMONOGRAFIA